Ergonomics and Health Aspects of Work with Computers International Conference, EHAWC 2009, Held as Part of HCI International 2009, San Diego, CA, USA, July 19-24, 2009. Proceedings /

This book constitutes the refereed proceedings of the International Conference on Ergonomics and Health Aspects of Work with Computers, EHAWC 2009, held in San Diego, CA, USA in July 2009 in the framework of the 13th International Conference on Human-Computer Interaction, HCII 2009. This volume cont...

Πλήρης περιγραφή

Λεπτομέρειες βιβλιογραφικής εγγραφής
Συγγραφή απο Οργανισμό/Αρχή: SpringerLink (Online service)
Άλλοι συγγραφείς: Karsh, Ben-Tzion (Επιμελητής έκδοσης)
Μορφή: Ηλεκτρονική πηγή Ηλ. βιβλίο
Γλώσσα:English
Έκδοση: Berlin, Heidelberg : Springer Berlin Heidelberg : Imprint: Springer, 2009.
Σειρά:Lecture Notes in Computer Science, 5624
Θέματα:
Διαθέσιμο Online:Full Text via HEAL-Link
LEADER 05684nam a22005895i 4500
001 978-3-642-02731-4
003 DE-He213
005 20170119073800.0
007 cr nn 008mamaa
008 100301s2009 gw | s |||| 0|eng d
020 |a 9783642027314  |9 978-3-642-02731-4 
024 7 |a 10.1007/978-3-642-02731-4  |2 doi 
040 |d GrThAP 
050 4 |a QA76.9.U83 
050 4 |a QA76.9.H85 
072 7 |a UYZG  |2 bicssc 
072 7 |a COM070000  |2 bisacsh 
082 0 4 |a 005.437  |2 23 
082 0 4 |a 4.019  |2 23 
245 1 0 |a Ergonomics and Health Aspects of Work with Computers  |h [electronic resource] :  |b International Conference, EHAWC 2009, Held as Part of HCI International 2009, San Diego, CA, USA, July 19-24, 2009. Proceedings /  |c edited by Ben-Tzion Karsh. 
264 1 |a Berlin, Heidelberg :  |b Springer Berlin Heidelberg :  |b Imprint: Springer,  |c 2009. 
300 |a XVIII, 288 p.  |b online resource. 
336 |a text  |b txt  |2 rdacontent 
337 |a computer  |b c  |2 rdamedia 
338 |a online resource  |b cr  |2 rdacarrier 
347 |a text file  |b PDF  |2 rda 
490 1 |a Lecture Notes in Computer Science,  |x 0302-9743 ;  |v 5624 
505 0 |a Ergonomics and Health in the Workplace -- Effects of the Workplace Game: A Case-Study into Anticipating Future Behavior of Office Workers -- Management Support and Worksite Health Promotion Program Effectiveness -- Usage of Office Chair Adjustments and Controls by Workers Having Shared and Owned Work Spaces -- Health Promoting Leadership: The Mediating Role of an Organizational Health Culture -- Increasing Information Worker Productivity through Information Work Infrastructure -- Merging Virtual and Real Worlds – Holistic Concepts for the Office of the Future -- The Relationship between Working Conditions and Musculoskeletal/Ergonomic Disorders in a Manufacturing Facility – A Longitudinal Research Study -- Measuring Support for Health in Offshore Environments -- Understanding Patient User Experience in Obstetric Work Systems -- Unique Stressors of Cross-Cultural Collaboration through ICTs in Virtual Teams -- Examining the Effects of Workstation Design Satisfaction, Computer Usage, Supervisory and Co-worker Support on Perceived Physical Discomfort and Psychosocial Factors -- Defeating Back Pain at the Workplace: Results of the "Healthy Back" Program -- Using the ‘Balance Model’ for Occupational Safety and Health Promotion -- Varying the Office Work Posture between Standing, Half-Standing and Sitting Results in Less Discomfort -- A Person-Centered Measurement System for Quantification of Physical Activity and Energy Expenditure at Workplaces -- Management of Work Site Health-Promotion Programs: A Review -- New Trends in Ergonomics -- Development of Portable Robotic Operation Terminals to Achieve Increased Safety and Usability and a Study on the Effectiveness of Wireless Terminals -- Participatory Ergonomics as a Method of Quality Improvement in Maintenance -- What Is Prospective Ergonomics? A Reflection and a Position on the Future of Ergonomics -- Improving in-Vehicle Display and Control Design for Older Drivers -- Relationship between Emotional State and Pupil Diameter Variability under Various Types of Workload Stress -- Combined Measurement System for the Evaluation of Multi Causal Strain -- Development of Non-contact Monitoring System of Heart Rate Variability (HRV) - An Approach of Remote Sensing for Ubiquitous Technology - -- PC-Based Rehabilitation System with Biofeedback -- Interaction Devices and Environments -- LED Backlight for Better Accuracy in Medical Imaging -- Human Factors in Lighting -- Lighting as Support for Enhancing Well-Being, Health and Mental Fitness of an Ageing Population - The FP6 EU Funded ALADIN Project -- The Evaluation of Operating Posture in Typing the QWERTY Keyboard on PDA -- Vector Keyboard for Touch Screen Devices -- Evaluation of a Functional Film Attached on Top of a Tablet PC -- Interaction between Dynamic LED-Light and Color Surfaces -- Color Model for Human Visual Environment and Physical Interaction -- Improvement of the Design Quality of 3D-Input Devices Using Motion Analyses and Biomechanical Comparisons. 
520 |a This book constitutes the refereed proceedings of the International Conference on Ergonomics and Health Aspects of Work with Computers, EHAWC 2009, held in San Diego, CA, USA in July 2009 in the framework of the 13th International Conference on Human-Computer Interaction, HCII 2009. This volume contains 33 papers in the tematic area of Ergonomics and Health in the Workplace, New Trends in Ergonomics, as well as Interaction Devices and Environments. 
650 0 |a Computer science. 
650 0 |a User interfaces (Computer systems). 
650 0 |a Computational linguistics. 
650 0 |a Image processing. 
650 0 |a Pattern recognition. 
650 0 |a Application software. 
650 0 |a Management information systems. 
650 1 4 |a Computer Science. 
650 2 4 |a User Interfaces and Human Computer Interaction. 
650 2 4 |a Management of Computing and Information Systems. 
650 2 4 |a Computer Appl. in Social and Behavioral Sciences. 
650 2 4 |a Image Processing and Computer Vision. 
650 2 4 |a Pattern Recognition. 
650 2 4 |a Language Translation and Linguistics. 
700 1 |a Karsh, Ben-Tzion.  |e editor. 
710 2 |a SpringerLink (Online service) 
773 0 |t Springer eBooks 
776 0 8 |i Printed edition:  |z 9783642027307 
830 0 |a Lecture Notes in Computer Science,  |x 0302-9743 ;  |v 5624 
856 4 0 |u http://dx.doi.org/10.1007/978-3-642-02731-4  |z Full Text via HEAL-Link 
912 |a ZDB-2-SCS 
912 |a ZDB-2-LNC 
950 |a Computer Science (Springer-11645)